| 000 | 01120nam a2200301 a 4500 | ||
|---|---|---|---|
| 001 | ebr10298260 | ||
| 003 | CaPaEBR | ||
| 006 | m u | ||
| 007 | cr cn||||||||| | ||
| 008 | 080306s2008 txu s 000 0 eng | ||
| 010 | _z 2008010420 | ||
| 020 | _z1933771534 (pbk.) | ||
| 040 |
_aCaPaEBR _cCaPaEBR |
||
| 035 | _a(OCoLC)506072988 | ||
| 050 | 1 | 4 |
_aHF5386 _b.T84 2008eb |
| 082 | 0 | 4 |
_a650.1 _222 |
| 100 | 1 | _aTurk, Brad. | |
| 245 | 1 | 0 |
_aLifemoney _h[electronic resource] : _bthe proven system for creating the money you need for the life you want / _cBrad Turk. |
| 260 |
_aDallas, TX : _bBenBella Books, _cc2008. |
||
| 300 | _axiii, 197 p. | ||
| 533 |
_aElectronic reproduction. _bPalo Alto, Calif. : _cebrary, _d2013. _nAvailable via World Wide Web. _nAccess may be limited to ebrary affiliated libraries. |
||
| 650 | 0 | _aSuccess in business. | |
| 650 | 0 | _aSuccess. | |
| 650 | 0 | _aFinance, Personal. | |
| 655 | 7 |
_aElectronic books. _2local |
|
| 710 | 2 | _aebrary, Inc. | |
| 856 | 4 | 0 |
_uhttp://site.ebrary.com/lib/rucke/Doc?id=10298260 _zAn electronic book accessible through the World Wide Web; click to view |
| 999 |
_c64365 _d64365 |
||